| 000 | 01058namaa2200241 i 4500 | ||
|---|---|---|---|
| 001 | 174189 | ||
| 003 | ES-MaACL | ||
| 005 | 20230906215447.0 | ||
| 008 | 100302s1925 sp | |||| ||spa d | ||
| 080 | _a581.116 | ||
| 080 | _a581.8 | ||
| 100 | 0 |
_aAlvarado, Salustio. _920597 |
|
| 245 | 1 | 0 |
_aSobre la estructura de la epidermis foliar de las "selaginella" : _buna nueva disposición estructural para la absorción de agua por los órganos aéreos de las plantas / _cpor Salustio Alvarado. |
| 260 |
_aMadrid : _bJunta para Ampliación de Estudios e Investigaciones Científicas, _c1925. |
||
| 300 |
_a30 p. : _bil. ; _c23 cm. |
||
| 490 | 1 |
_aTrabajos del Museo Nacional de Ciencias Naturales. Serie botánica ; _v19 |
|
| 650 | 4 |
_aPlantas- _zTranspiración. _9142285 |
|
| 650 | 4 |
_aHistología vegetal. _9142286 |
|
| 710 | 2 |
_aJunta para la Ampliación de Estudios e Investigaciones Científicas. _95413 |
|
| 830 | 1 |
_aTrabajos del Museo Nacional de Ciencias Naturales. Serie botánica ; _v19 _9189324 |
|
| 852 | 4 |
_aES-MaACL _jF-13138(5) |
|
| 999 |
_c174189 _d174189 |
||